| 000 | 00725nam a2200253 a 4500 | ||
|---|---|---|---|
| 999 |
_c12275 _d12275 |
||
| 001 | 12275 | ||
| 003 | BD-JhCC | ||
| 005 | 20210921090708.0 | ||
| 008 | 210921b2017 bg |||| ||a| 001 0 eng d | ||
| 020 | _a9789848471586 | ||
| 035 | _a(BD-JhCC)12275 | ||
| 040 |
_aBD-JhCC _dBD-JhCC |
||
| 041 | _aenglish | ||
| 082 |
_a340.59 _bISL 2017 |
||
| 100 | _aIslam, Dr. ABM. Mahbubul | ||
| 245 |
_aMusliam Law and Islamic Legal System / _cDr. ABM. Mahbubul Islam, Dr. Md. Abdur Rahim Mia. |
||
| 260 |
_aDhaka: _bBangladesh Institute of islamic thoght(BIIT); _c2017. |
||
| 300 |
_a555 p. : _c24 cm. |
||
| 490 | _aLaw Series-02 | ||
| 650 | _aMuslim Law | ||
| 700 | _aMia, Dr. Md. Abdur Rahim | ||
| 942 |
_2ddc _cBK |
||